The patchwork mouse / (Record no. 1204)

000 -LEADER
fixed length control field 00883nam a22003257a 4500
001 - CONTROL NUMBER
control field 4097447
003 - CONTROL NUMBER IDENTIFIER
control field OSt
005 - DATE AND TIME OF LATEST TRANSACTION
control field 20210426114439.0
008 - FIXED-LENGTH DATA ELEMENTS--GENERAL INFORMATION
fixed length control field 750930s1976 nyu 001 0 eng
010 ## - LIBRARY OF CONGRESS CONTROL NUMBER
LC control number 74027583
020 ## - INTERNATIONAL STANDARD BOOK NUMBER
International Standard Book Number 0385028520 :
Terms of availability $7.95
040 ## - CATALOGING SOURCE
Original cataloging agency DLC
Transcribing agency DLC
Modifying agency DLC
041 ## - LANGUAGE CODE
Language code of text/sound track or separate title eng
043 ## - GEOGRAPHIC AREA CODE
Geographic area code n-us---
050 00 - LIBRARY OF CONGRESS CALL NUMBER
Classification number RC267
Item number .H58
080 ## - UNIVERSAL DECIMAL CLASSIFICATION NUMBER
Universal Decimal Classification number 001
Item number H-70
082 00 - DEWEY DECIMAL CLASSIFICATION NUMBER
Classification number 616.9/94/027
100 1# - MAIN ENTRY--PERSONAL NAME
Personal name Hixson, Joseph R.
245 14 - TITLE STATEMENT
Title The patchwork mouse /
Statement of responsibility, etc. Joseph Hixson.
250 ## - EDITION STATEMENT
Edition statement 1st ed.
260 ## - PUBLICATION, DISTRIBUTION, ETC.
Place of publication, distribution, etc. Garden City, N.Y. :
Name of publisher, distributor, etc. Anchor Press,
Date of publication, distribution, etc. 1976.
300 ## - PHYSICAL DESCRIPTION
Extent x, 228 p. ;
Dimensions 22 cm.
365 ## - TRADE PRICE
Price type code 7.95 USD
500 ## - GENERAL NOTE
General note Includes index.
600 10 - SUBJECT ADDED ENTRY--PERSONAL NAME
Personal name Summerlin, William Talley,
Dates associated with a name 1938-
650 #0 - SUBJECT ADDED ENTRY--TOPICAL TERM
Topical term or geographic name entry element Cancer
General subdivision Research
Geographic subdivision United States.
653 ## - INDEX TERM--UNCONTROLLED
Uncontrolled term მეცნიერება
906 ## - LOCAL DATA ELEMENT F, LDF (RLIN)
a 7
b cbc
c orignew
d 1
e ocip
f 19
g y-gencatlg
942 ## - ADDED ENTRY ELEMENTS (KOHA)
Source of classification or shelving scheme
Koha item type Books
Holdings
Withdrawn status Lost status Source of classification or shelving scheme Damaged status Not for loan Permanent location Current location Date acquired Inventory number Total Checkouts Full call number Barcode Date last seen Price effective from Koha item type
          Ken Walker International University Ken Walker International University 02/04/2021 1319   001 H-70 1319 02/04/2021 02/04/2021 Books

Powered by Koha